Arabic Speaking Countries Empty Map Quiz - Statistics

General Stats
  • This quiz has been taken 4,196 times
  • The average score is 21 of 23
Answers on the Map
Answers color-coded by a green-red scale on the quiz's map according to % correct below.
 
Answer Stats
Countries % Correct
Egypt
98%
Saudi Arabia
98%
Iraq
96%
Algeria
95%
Jordan
95%
Libya
95%
Morocco
95%
Oman
95%
Syria
95%
Yemen
95%
Qatar
93%
Sudan
93%
United Arab Emirates
93%
Tunisia
92%
Kuwait
91%
Lebanon
91%
Bahrain
89%
Mauritania
84%
Somalia
83%
Chad
81%
Djibouti
78%
Israel
78%
Eritrea
72%
No matching quizzes found
Score Distribution
Percent of People with Each Score
Percentile by Number Answered
Your Score History
You have not taken this quiz